000 00333 a2200157 4500
001 190580
020 _a0-7189-1019-2
040 _cMagnum
100 _aUlug, Pervin
240 1 0 _aThe golden apple tree
_lING
245 1 0 _aThe golden apple tree
300 _a35
362 0 _a1985
697 _aLITERATURA INGLESA
942 _cBK
999 _c190580
_d190580